Michelle Yeoh Filmography - Statistics

General Stats
  • This quiz has been taken 36 times
    10 since last reset
  • The average score is 20 of 91
Answer Stats
Type Year Name % Correct
Film 2024 Wicked
83%
Film 2022 Everything Everywhere All at Once
67%
Film 2025 Wicked: For Good
67%
Film 2023 A Haunting in Venice
50%
Film 2018 Crazy Rich Asians
50%
Film 2000 Crouching Tiger, Hidden Dragon
50%
Video Game 2003 Crouching Tiger, Hidden Dragon
50%
Film 2022 Minions: The Rise of Gru
50%
Film 2021 Shang-Chi and the Legend of the Ten Rings
50%
Web Series 2023 American Born Chinese
33%
Film 2029 Avatar 4
33%
Film 2031 Avatar 5
33%
Web Mini-Series 2026 Blade Runner 2099
33%
Film 2017 Guardians of the Galaxy Vol. 2
33%
Film 2011 Kung Fu Panda 2
33%
Film 2022 Paws of Fury: The Legend of Hank
33%
Film 2025 Star Trek: Section 31
33%
Film 2024 The Tiger's Apprentice
33%
Film 1997 Tomorrow Never Dies
33%
Film 2023 Transformers: Rise of the Beasts
33%
TV Documentary 2009 Among the Great Apes with Michelle Yeoh
17%
Web Series 2024-Present ARK: The Animated Series
17%
Film 2008 Babylon A.D.
17%
TV Documentary 2002 Bond Girls Are Forever
17%
Film 2020 Boss Level
17%
Film 1993 Butterfly and Sword
17%
Documentary Series 2020 China's Hidden Kingdoms
17%
Film 2016 Crouching Tiger, Hidden Dragon: Sword of Destiny
17%
TV Special 2024 Defying Gravity: The Curtain Rises on Wicked
17%
Film 1987 Dynamite Fighters
17%
Film 1987 Easy Money
17%
Documentary Mini-Series 2025 Epic Ride: The Story of Universal Theme Parks
17%
Film 2007 Far North
17%
Film 2006 Fearless
17%
Film 2013 Final Recipe
17%
Documentary 2011 Fucking Kassovitz
17%
Film 2021 Gunpowder Milkshake
17%
Film 1993 Heroic Trio 2: Executioners
17%
Documentary 1998 Highly Classified: The World of 007
17%
Film 1993 Holy Weapon
17%
Documentary 1998 Jackie Chan: My Story
17%
Film 2019 Last Christmas
17%
Web Series 2016 Marco Polo
17%
Short Film 2015 Marco Polo: One Hundred Eyes
17%
Documentary Series 2021 Marvel Studios: Assembled
17%
Film 2018 Master Z: The Ip Man Legacy
17%
Film 2016 Mechanic: Resurrection
17%
Film 2005 Memoirs of a Geisha
17%
Film 2026 Mo Fang Xiao Jie
17%
Film 1999 Moonlight Express
17%
Film 2016 Morgan
17%
Film 2025 Ne Zha 2
17%
Film 2008 Purple Mountain
17%
Film 2010 Reign of Assassins
17%
Film 1986 Royal Warriors
17%
Film 1994 Shaolin Popey II: Messy Temple
17%
Film 2004 Silver Hawk
17%
Web Series 2017-2020 Star Trek: Discovery
17%
Web Series 2020 Star Trek: Discovery Logs
17%
Web Series 2018 Star Trek: Short Treks
17%
Web Series 2019 Storyline Online
17%
TV Show 2015 Strike Back
17%
Film 2007 Sunshine
17%
Film 1992 Supercop
17%
Film 1993 Supercop 2
17%
Film 1993 Tai Chi Master
17%
Documentary 2024 The Bridge
17%
Web Series 2024 The Brothers Sun
17%
Film 2008 The Children of Huang Shi
17%
Film 1993 The Heroic Trio
17%
Film 2011 The Lady
17%
Film TBA The Legend of Nezha
17%
Film 2008 The Mummy: Tomb of the Dragon Emperor
17%
Video Game 2008 The Mummy: Tomb of the Dragon Emperor
17%
Film 2022 The School for Good and Evil
17%
TV Documentary 1997 The Secrets of 007: The James Bond Files
17%
Film 1997 The Soong Sisters
17%
Film 1996 The Stunt Woman
17%
Film TBA The Surgeon
17%
Film 2002 The Touch
17%
Web Mini-Series 2022 The Witcher: Blood Origin
17%
Documentary 1996 Top Fighter 2
17%
Film 2010 True Legend
17%
Film 1985 Twinkle Twinkle Lucky Stars
17%
TV Special 2025 Wicked: One Wonderful Night
17%
Film 1994 Wing Chun
17%
Film 1994 Wonder Seven
17%
Film 1985 Yes, Madam!
17%
Documentary Series 2002 Rank
0%
Film 1984 The Owl vs. Bumbo
0%
Commercial 2002 Tourism Bureau of Malaysia
0%
No matching quizzes found
Score Distribution
Percent of People with Each Score
Percentile by Number Answered
Your Score History
You have not taken this quiz since the last reset